00466nam a2200145 4500001000700000003000900007007000300016008004100019100002300060245012500083260004600208300002700254700001900281852002000300120433ES-MaACLt|070214s1911 fr r ||||1| fre d1 aPoincaré, Henri.10aLeçons sur les hypothèses cosmogoniques professées a la Sorbone /cHenri Poincaré ; redigées par Henri Vergne. aParis : bSaint Amand Bussière, c1911. aXXV, 294 p. ; c25 cm.1 aVergne, Henri. aES-MaACLjB-489